000 00227nam a2200097Ia 4500
005 20251222114355.0
008 251222s1900||||xx |||||||||||||| ||spa||
082 _aDVD0070/K53/T.4
245 0 _aHonrarás a tus padres:
942 _cDVD
999 _c1403
_d1403